Wsztstkie terytoria zależne w rankingu FIFA - Statystyki

Ogólne statystyki
  • Ten quiz został rozwiązany 37 razy
  • Średni wynik to 9 z 20
Statystyki odpowiedzi
Punkty Reprezentacja % Poprawnych
818 Gibraltar
91%
1135 Wyspy Owcze
82%
1303 Curacao
73%
1020 Portoryko
58%
777 Brytyjskie Wyspy Dziewicze
55%
883 Samoa Amerykańskie
52%
868 Aruba
48%
823 Guam
42%
1038 Hongkong
42%
1043 Nowa Kaledonia
39%
760 Anguilla
36%
865 Makau
36%
977 Bermudy
33%
917 Montserrat
33%
1019 Tahiti
33%
804 Turks i Caicos
33%
878 Wyspy Cooka
30%
852 Kajmany
27%
777 Wyspy Dziewicze Stanów Zjednoczonych
24%
938 Chińskie Tajpej
12%
Nie znaleziono quizów pasujących do podanych kryteriów
Rozkład punktacji
Procent ludzi z każdym wynikiem
Percentyl według liczby udzielonych odpowiedzi
Twoja historia wyników
Nie rozwiązałeś tego quizu